The terrific game
| Main Author: | |
|---|---|
| Format: | Book |
| Published: |
Cheras :
Pustaka Cergas Jaya ,
2010
|
| Series: | The scary tales series
|
| Subjects: |
MARC
| LEADER | 00000cam a2200000 7i4500 | ||
|---|---|---|---|
| 001 | 0000137708 | ||
| 005 | 20100507.0 | ||
| 020 | |a 9789675400605 | ||
| 090 | 0 | 0 | |a JF |b ROM |
| 100 | 1 | |a Romeorio, Bong Sala | |
| 245 | 1 | 4 | |a The terrific game |c Bong Sala Romeorio |
| 260 | |a Cheras : |b Pustaka Cergas Jaya , |c 2010 | ||
| 300 | |a 94p. : |b ill. ; |c 21cm. | ||
| 490 | 0 | |a The scary tales series | |
| 650 | 0 | 0 | |a Children's stories |
| 999 | |a 00234087 |b BUKU |c PINJAMAN |e PERPUSTAKAAN KOMUNITI PETALING JAYA | ||
| 999 | |a 00277274 |b BUKU |c PINJAMAN |e PERPUSTAKAAN KOMUNITI CAW TAMAN MEDAN | ||